|
|
|
|
| LEADER |
00941nam a2200217 a 4500 |
| 008 |
090714s2001 nyu 000 0 eng d |
| 020 |
|
|
|a 0571223435
|
| 040 |
|
|
|a DLC
|c DLC
|d DLC
|
| 082 |
0 |
0 |
|a 811/.4
|2 21
|
| 100 |
1 |
|
|a Dickinson, Emily,
|d 1830-1886.
|
| 240 |
1 |
0 |
|a Poems.
|k Selections
|
| 245 |
1 |
0 |
|a Emily Dickinson /
|c poems selected by Ted Hughes
|
| 260 |
|
|
|a London :
|b Faber and Faber,
|c 2001.
|
| 300 |
|
|
|a xvii, 50 p. ;
|c 20 cm.
|
| 490 |
1 |
|
|a Bloomsbury poetry classics
|
| 541 |
1 |
|
|e 00015403
|
| 600 |
|
0 |
|a Dickinson, Emily,
|y 1830-1886
|
| 852 |
4 |
|
|a Ayesha Abed Library
|j General shelf
|
| 999 |
|
|
|c 2409
|d 2409
|
| 952 |
|
|
|0 0
|1 4
|2 ddc
|4 0
|6 811_400000000000000_DIC
|7 0
|9 2228
|a BRACUL
|b BRACUL
|c GEN
|d 2009-07-14
|l 0
|o 811.4 DIC
|p 3010015403
|r 2009-07-14
|t 1
|v 755.00
|w 2009-07-14
|y BK
|x Koha Inventory 2020
|
| 952 |
|
|
|0 0
|1 0
|2 ddc
|4 0
|6 811_400000000000000_DIC
|7 0
|9 44694
|a BRACUL
|b BRACUL
|c GEN
|d 2015-01-10
|l 7
|m 22
|o 811.4 DIC
|p 3010015384
|r 2025-03-05
|s 2024-11-04
|t 2
|w 2015-01-10
|y BK
|